Friends S1 Quiz - Statistics

General Stats
  • This quiz has been taken 54 times
  • The average score is 7 of 9
Answer Stats
Hint Answer % Correct
Who plays guitar? Phoebe
96%
What language does Rachel's boyfriend Paolo speak? Italian
94%
What body part does Phoebe find inside a soda can? Thumb
88%
Who finds Paolo in the hallway? Rachel
86%
Who does Rachel leave at the altar? Barry
82%
Monica dates Paul the ____ guy. Wine
74%
What is young Ethan a senior in? High School
70%
What present does Phoebe get from the bank? Football Phone
56%
Who fakes that they own Paolo's cat? Mr. Heckles
56%
No matching quizzes found
Score Distribution
Percent of People with Each Score
Percentile by Number Answered
Your Score History
You have not taken this quiz